[Event "Veneto Province-ch qf 82nd"]
[Site "Ceregnano"]
[Date "2023.05.27"]
[Round "2.3"]
[White "Tomio, Dante"]
[Black "Buzzati, Francesco"]
[Result "1-0"]
[WhiteElo "1711"]
[BlackElo "1916"]
[PlyCount "85"]
[EventDate "2023.05.26"]
[EventType "swiss"]
[EventRounds "5"]
[EventCountry "ITA"]
[SourceTitle "EXT 2024"]
[Source "ChessBase"]
[SourceDate "2023.10.10"]
[SourceVersion "1"]
[SourceVersionDate "2023.10.10"]
[SourceQuality "1"]

1. d4 d5 2. c4 e6 3. Nf3 Nf6 4. g3 c5 5. cxd5 exd5 6. Bg2 Nc6 7. e3 Be6 8. 0-0 Be7 9. Nc3 0-0 10. a3 c4 11. Qc2 a6 12. Ng5 b5 13. Nxe6 fxe6 14. Bh3 Qd6 15. Bd2 e5 16. Ne2 Ne4 17. Bg2 Nxd2 18. Qxd2 e4 19. f3 exf3 20. Bxf3 Bg5 21. Nf4 Bxf4 22. exf4 Rfe8 23. Rfe1 Kf7 24. f5 Rxe1+ 25. Rxe1 Re8 26. Bh5+ g6 27. fxg6+ hxg6 28. Qf2+ Qf6 29. Bxg6+ Kxg6 30. Qxf6+ Kxf6 31. Rxe8 Nxd4 32. Ra8 Ke5 33. Rxa6 Ke4 34. h4 Nf5 35. Kf2 d4 36. h5 d3 37. Re6+ Kd4 38. g4 Nh4 39. Rd6+ Kc5 40. Rd8 b4 41. Rc8+ Kb5 42. axb4 Kxb4 43. Rd8 1-0

[Event "Treviso op-A 4th"]
[Site "Treviso"]
[Date "2023.04.01"]
[Round "3"]
[White "Tomio, Dante"]
[Black "Zamengo, Bruno"]
[Result "1/2-1/2"]
[WhiteElo "1697"]
[BlackElo "1865"]
[PlyCount "63"]
[EventDate "2023.03.31"]
[EventType "swiss"]
[EventRounds "5"]
[EventCountry "ITA"]
[SourceTitle "EXT 2024"]
[Source "ChessBase"]
[SourceDate "2023.10.10"]
[SourceVersion "1"]
[SourceVersionDate "2023.10.10"]
[SourceQuality "1"]

1. Nf3 Nf6 2. g3 c5 3. c4 Nc6 4. Nc3 d6 5. Bg2 Be6 6. b3 Qc8 7. 0-0 g6 8. Bb2 Bg7 9. e3 Bg4 10. Qb1 0-0 11. a3 Bf5 12. d3 Bh3 13. Qc2 Re8 14. d4 cxd4 15. exd4 Bg4 16. Qd2 Na5 17. Qc2 Bf5 18. Qd1 Bh3 19. Re1 Bxg2 20. Kxg2 Qc6 21. d5 Qb6 22. Nd2 Bh6 23. Na4 Qd8 24. Bc3 b5 25. Nb2 bxc4 26. bxc4 Rb8 27. Rb1 Nd7 28. Qa4 Nb7 29. Nd3 Ndc5 30. Nxc5 Nxc5 31. Qc2 Qd7 32. Nf3 1/2-1/2

[Event "Veneto-ch qf 81st"]
[Site "Verona"]
[Date "2022.05.08"]
[Round "5.13"]
[White "Pigaiani, Francesco"]
[Black "Tomio, Dante"]
[Result "0-1"]
[WhiteElo "1330"]
[BlackElo "1650"]
[PlyCount "86"]
[EventDate "2022.05.06"]
[EventType "swiss"]
[EventRounds "5"]
[EventCountry "ITA"]
[SourceTitle "EXT 2024"]
[Source "ChessBase"]
[SourceDate "2023.10.10"]
[SourceVersion "1"]
[SourceVersionDate "2023.10.10"]
[SourceQuality "1"]

1. e4 c5 2. Nc3 e6 3. Nge2 a6 4. g3 b5 5. Bg2 Bb7 6. 0-0 Qc7 7. d3 Nc6 8. f4 d6 9. f5 Nf6 10. fxe6 fxe6 11. d4 cxd4 12. Nxd4 Nxd4 13. Qxd4 d5 14. Kh1 Bc5 15. Bf4 Bxd4 16. Bxc7 Bxc3 17. bxc3 0-0 18. exd5 Bxd5 19. Bxd5 Nxd5 20. Bd6 Rxf1+ 21. Rxf1 Nxc3 22. a3 h6 23. Re1 Re8 24. Bb4 Nd5 25. Kg2 Nxb4 26. axb4 Kf7 27. h4 Rc8 28. Rf1+ Ke7 29. Ra1 Rxc2+ 30. Kf3 Rc6 31. Rb1 h5 32. Kf4 Kf6 33. Ke3 Rc3+ 34. Kf2 Kf5 35. Ra1 Rc6 36. Rd1 g6 37. Rd3 Rc4 38. Rf3+ Ke5 39. Re3+ Re4 40. Kf3 Rxe3+ 41. Kxe3 Kf5 42. Kf3 e5 43. Ke3 e4 0-1

[Event "Veneto-ch qf 81st"]
[Site "Verona"]
[Date "2022.05.07"]
[Round "2.19"]
[White "Tomio, Dante"]
[Black "Coghi, Simone"]
[Result "1-0"]
[WhiteElo "1650"]
[BlackElo "999"]
[PlyCount "33"]
[EventDate "2022.05.06"]
[EventType "swiss"]
[EventRounds "5"]
[EventCountry "ITA"]
[SourceTitle "EXT 2024"]
[Source "ChessBase"]
[SourceDate "2023.10.10"]
[SourceVersion "1"]
[SourceVersionDate "2023.10.10"]
[SourceQuality "1"]

1. d4 Nf6 2. c4 e6 3. Nf3 d5 4. g3 Be7 5. Bg2 Nbd7 6. 0-0 0-0 7. cxd5 exd5 8. Nc3 b6 9. Bf4 Ba6 10. Re1 Re8 11. Rc1 c6 12. e4 dxe4 13. Nxe4 Bb4 14. Nxf6+ Qxf6 15. Rxe8+ Rxe8 16. Qa4 Ba5 17. b4 1-0

[Event "Cattolica op-B 8th"]
[Site "Cattolica"]
[Date "2021.05.31"]
[Round "5"]
[White "Solime, Marco"]
[Black "Tomio, Dante"]
[Result "1/2-1/2"]
[WhiteElo "1781"]
[BlackElo "1700"]
[PlyCount "52"]
[EventDate "2021.05.27"]
[EventType "swiss"]
[EventRounds "7"]
[EventCountry "ITA"]
[SourceTitle "CBM 203 Extra"]
[Source "ChessBase"]
[SourceDate "2021.09.30"]
[SourceVersion "1"]
[SourceVersionDate "2021.09.30"]
[SourceQuality "1"]

1. e4 c5 2. Nf3 e6 3. d4 cxd4 4. Nxd4 a6 5. Bd3 Qc7 6. 0-0 Nf6 7. Qe2 d6 8. c4 Be7 9. f4 0-0 10. f5 Nc6 11. Nxc6 bxc6 12. Nc3 c5 13. Bf4 Bb7 14. fxe6 fxe6 15. e5 dxe5 16. Bxe5 Qc8 17. Rae1 Qc6 18. Ne4 Rad8 19. Nxf6+ Bxf6 20. Be4 Qxe4 21. Qxe4 Bxe4 22. Rxe4 Kf7 23. g4 Ke7 24. Rfe1 Rd2 25. R4e2 Rxe2 26. Rxe2 Rd8 1/2-1/2

[Event "Padova del Santo op-B 7th"]
[Site "Padova"]
[Date "2020.02.22"]
[Round "3.12"]
[White "Magnabosco, Mauro Denis"]
[Black "Tomio, Dante"]
[Result "0-1"]
[WhiteElo "1711"]
[BlackElo "1700"]
[PlyCount "88"]
[EventDate "2020.02.21"]
[EventType "swiss"]
[EventRounds "3"]
[EventCountry "ITA"]
[SourceTitle "EXT 2024"]
[Source "ChessBase"]
[SourceDate "2023.10.10"]
[SourceVersion "1"]
[SourceVersionDate "2023.10.10"]
[SourceQuality "1"]

1. c4 Nf6 2. Nc3 g6 3. d4 Bg7 4. g3 c6 5. Bg2 0-0 6. Nf3 d5 7. cxd5 cxd5 8. 0-0 Nc6 9. Bf4 a6 10. Rc1 h6 11. Ne5 e6 12. Nxc6 bxc6 13. Qd2 Kh7 14. Be5 Bd7 15. e3 Ne8 16. Bxg7 Kxg7 17. Na4 Nd6 18. Nc5 Be8 19. Qc2 Qb6 20. b3 Kh7 21. h4 h5 22. Bf3 Kg7 23. Rfd1 Qd8 24. Bg2 Z0 25. Qe2 g5 26. hxg5 Qxg5 27. Qf3 Rh8 28. Qf4 Qxf4 29. exf4 h4 30. g4 h3 31. Bf3 f5 32. g5 Rh4 33. Kh2 Bf7 34. Kg3 Rah8 35. Nd3 h2 36. Rh1 Ne4+ 37. Kg2 Be8 38. b4 Z0 39. Rce1 Bh5 40. Bxh5 R8xh5 41. Kf3 Nd2+ 42. Ke2 Ne4 43. Rc1 Rh3 44. Rxc6 Rxd3 0-1

[Event "Padova del Santo op-B 7th"]
[Site "Padova"]
[Date "2020.02.21"]
[Round "1.9"]
[White "Scarpa, Alessandra"]
[Black "Tomio, Dante"]
[Result "1/2-1/2"]
[WhiteElo "1796"]
[BlackElo "1700"]
[PlyCount "50"]
[EventDate "2020.02.21"]
[EventType "swiss"]
[EventRounds "3"]
[EventCountry "ITA"]
[SourceTitle "EXT 2024"]
[Source "ChessBase"]
[SourceDate "2023.10.10"]
[SourceVersion "1"]
[SourceVersionDate "2023.10.10"]
[SourceQuality "1"]

1. d4 Nf6 2. Nf3 g6 3. Bf4 Bg7 4. e3 d6 5. h3 0-0 6. c3 c5 7. Be2 b6 8. 0-0 Bb7 9. Nbd2 Nbd7 10. Nc4 Rc8 11. Nfd2 b5 12. Na3 a6 13. Bf3 Bxf3 14. Nxf3 Nd5 15. Bg3 N7f6 16. Qd3 c4 17. Qe2 Ne4 18. Bh2 f5 19. Nc2 Qd7 20. a3 a5 21. Nd2 Nb6 22. f3 Nxd2 23. Qxd2 d5 24. Qe2 Rfe8 25. Rfe1 e6 1/2-1/2

[Event "Chioggia op-B 13th"]
[Site "Chioggia"]
[Date "2018.09.30"]
[Round "4"]
[White "Ballarin, Gabriele"]
[Black "Tomio, Dante"]
[Result "1/2-1/2"]
[WhiteElo "1867"]
[BlackElo "1811"]
[PlyCount "63"]
[EventDate "2018.09.28"]
[EventType "swiss"]
[EventRounds "5"]
[EventCountry "ITA"]
[SourceTitle "EXT 2022"]
[Source "ChessBase"]
[SourceDate "2021.10.06"]
[SourceVersion "1"]
[SourceVersionDate "2021.10.06"]
[SourceQuality "1"]

1. e4 c5 2. Nc3 e6 3. g3 Nc6 4. Bg2 a6 5. Nge2 Qc7 6. 0-0 Nf6 7. f4 d6 8. h3 Be7 9. d3 0-0 10. g4 Re8 11. Ng3 Rb8 12. f5 b5 13. g5 Nd7 14. Nh5 Bf8 15. f6 g6 16. Nf4 Nde5 17. h4 b4 18. Nce2 Nd4 19. Ng3 Bb7 20. h5 Rbd8 21. hxg6 fxg6 22. Nxg6 hxg6 23. c3 bxc3 24. bxc3 Ndc6 25. d4 cxd4 26. cxd4 Nf7 27. Be3 e5 28. d5 Nd4 29. Rc1 Qd7 30. Kh2 Bc8 31. Nf5 gxf5 32. Qh5 1/2-1/2

[Event "Treviso Lega op-A 2nd"]
[Site "Treviso"]
[Date "2018.03.03"]
[Round "2"]
[White "Passon, Stefano"]
[Black "Tomio, Dante"]
[Result "1/2-1/2"]
[WhiteElo "1744"]
[BlackElo "1860"]
[PlyCount "57"]
[EventDate "2018.03.02"]
[EventType "swiss"]
[EventRounds "5"]
[EventCountry "ITA"]
[SourceTitle "EXT 2022"]
[Source "ChessBase"]
[SourceDate "2021.10.06"]
[SourceVersion "1"]
[SourceVersionDate "2021.10.06"]
[SourceQuality "1"]

1. d4 Nf6 2. Nf3 g6 3. e3 Bg7 4. b3 0-0 5. Bb2 d6 6. Be2 c6 7. 0-0 Nbd7 8. c4 Ne4 9. Nc3 Ndf6 10. Nxe4 Nxe4 11. Nd2 Nxd2 12. Qxd2 e5 13. dxe5 dxe5 14. Qxd8 Rxd8 15. Rad1 Bf5 16. Rxd8+ Rxd8 17. Rd1 Rxd1+ 18. Bxd1 Bb1 19. a3 f5 20. f4 exf4 21. Bxg7 Kxg7 22. exf4 Kf7 23. Kf2 a5 24. Ke3 Ke6 25. Kd4 b6 26. c5 b5 27. b4 axb4 28. axb4 Be4 29. g3 1/2-1/2

[Event "Salzano op-B"]
[Site "Salzano"]
[Date "2017.12.02"]
[Round "3"]
[White "Improta, Giovanni"]
[Black "Tomio, Dante"]
[Result "1-0"]
[WhiteElo "1570"]
[BlackElo "1897"]
[PlyCount "79"]
[EventDate "2017.12.01"]
[EventType "swiss"]
[EventRounds "5"]
[EventCountry "ITA"]
[SourceTitle "EXT 2022"]
[Source "ChessBase"]
[SourceDate "2021.10.06"]
[SourceVersion "1"]
[SourceVersionDate "2021.10.06"]
[SourceQuality "1"]

1. d4 Nf6 2. Bf4 d5 3. e3 c6 4. Bd3 e6 5. Nd2 Bd6 6. Be5 Bxe5 7. dxe5 Nfd7 8. f4 Qb6 9. Qg4 Qxe3+ 10. Ne2 g6 11. Rf1 Qb6 12. Nb3 c5 13. c4 Qb4+ 14. Nd2 Nc6 15. Qg3 Nd4 16. Nxd4 cxd4 17. cxd5 exd5 18. e6 Nc5 19. f5 Ne4 20. exf7+ Kf8 21. Bxe4 dxe4 22. 0-0-0 Bxf5 23. Qe5 Kxf7 24. Rxf5+ gxf5 25. Qxf5+ Ke7 26. Nxe4 Qc4+ 27. Kb1 Raf8 28. Qe5+ Qe6 29. Qc5+ Ke8 30. Nd6+ Kd7 31. Qxd4 Qf6 32. Qc5 Qg6+ 33. Ka1 Qg4 34. Qd5 Ke7 35. Re1+ Kf6 36. h3 Qf4 37. a3 Rd8 38. Re6+ Kg7 39. Re7+ Kg6 40. Re6+ 1-0

[Event "Chioggia op-B 12th"]
[Site "Chioggia"]
[Date "2017.10.08"]
[Round "4"]
[White "Tomio, Dante"]
[Black "Magnabosco, Mauro Denis"]
[Result "1-0"]
[WhiteElo "1858"]
[BlackElo "1749"]
[PlyCount "45"]
[EventDate "2017.10.06"]
[EventType "swiss"]
[EventRounds "5"]
[EventCountry "ITA"]
[SourceTitle "EXT 2022"]
[Source "ChessBase"]
[SourceDate "2021.10.06"]
[SourceVersion "1"]
[SourceVersionDate "2021.10.06"]
[SourceQuality "1"]

1. d4 Nf6 2. Nf3 e6 3. e3 c5 4. Bd3 d5 5. b3 cxd4 6. exd4 Nc6 7. 0-0 Bd6 8. Bb2 0-0 9. a3 Qc7 10. Qe2 Re8 11. Ne5 a6 12. Nd2 b5 13. b4 Qb6 14. Nb3 Bb7 15. Nc5 Rad8 16. Kh1 Ba8 17. f4 Bxc5 18. bxc5 Nxe5 19. fxe5 Ne4 20. Qg4 Qb7 21. Bc1 Kh8 22. Bxe4 dxe4 23. Bg5 1-0

[Event "Verona op-B"]
[Site "Verona"]
[Date "2017.01.03"]
[Round "2.6"]
[White "De Filomeno, Elisa"]
[Black "Tomio, Dante"]
[Result "1/2-1/2"]
[WhiteElo "1655"]
[BlackElo "1777"]
[PlyCount "87"]
[EventDate "2017.01.02"]
[EventType "swiss"]
[EventRounds "7"]
[EventCountry "ITA"]
[SourceTitle "EXT 2018"]
[Source "ChessBase"]
[SourceDate "2017.10.13"]
[SourceVersion "1"]
[SourceVersionDate "2017.10.13"]
[SourceQuality "1"]

1. d4 d5 2. c4 c6 3. Nc3 Nf6 4. Nf3 e6 5. cxd5 exd5 6. Qc2 Be7 7. e3 0-0 8. Be2 Nbd7 9. 0-0 Bd6 10. a3 Re8 11. Nd2 Nf8 12. b4 Bd7 13. Bb2 Qe7 14. Bd3 Ng4 15. h3 Nxf2 16. Rxf2 Qxe3 17. Nf1 Qg5 18. Bf5 Be6 19. Bc1 Qh4 20. Ne2 g6 21. Bxe6 Nxe6 22. Qd2 Re7 23. g3 Qe4 24. Qe3 f5 25. Qxe4 fxe4 26. Ne3 a5 27. b5 Bc7 28. Bb2 Ng5 29. Kg2 Nf3 30. Rc1 Rb8 31. Ba1 Re6 32. Nxd5 Bxg3 33. Nf6+ Rxf6 34. Nxg3 Nh4+ 35. Kg1 Rxf2 36. Kxf2 Rf8+ 37. Ke2 cxb5 38. Nxe4 Re8 39. Kd3 Rf8 40. Re1 Rf3+ 41. Re3 Rf1 42. Bb2 Nf5 43. Re2 Rf3+ 44. Kc2 1/2-1/2

[Event "Mestre Cipressina op-A 5th"]
[Site "Mestre"]
[Date "2016.11.26"]
[Round "3"]
[White "Roberti, Ignazio"]
[Black "Tomio, Dante"]
[Result "1-0"]
[WhiteElo "1847"]
[BlackElo "1861"]
[PlyCount "67"]
[EventDate "2016.11.25"]
[EventType "swiss"]
[EventRounds "5"]
[EventCountry "ITA"]
[SourceTitle "EXT 2022"]
[Source "ChessBase"]
[SourceDate "2021.10.06"]
[SourceVersion "1"]
[SourceVersionDate "2021.10.06"]
[SourceQuality "1"]

1. Nf3 c5 2. e3 g6 3. d4 cxd4 4. exd4 Bg7 5. c3 d6 6. Bd3 Nf6 7. Nbd2 Nc6 8. Qe2 0-0 9. Nf1 e5 10. dxe5 Re8 11. Ne3 Nxe5 12. Bb5 Bd7 13. Nxe5 Rxe5 14. Bxd7 Qxd7 15. 0-0 Rae8 16. Qf3 b5 17. Rd1 Qe6 18. h3 d5 19. b3 Bh6 20. Rd4 Re4 21. Nf1 Re1 22. Bb2 Rxa1 23. Bxa1 Ne4 24. Ne3 Nxf2 25. Nxd5 Qe1+ 26. Kh2 Bg7 27. Nf6+ Bxf6 28. Qxf6 Qh1+ 29. Kg3 Ne4+ 30. Rxe4 Rxe4 31. c4 Re3+ 32. Kf4 Re4+ 33. Kxe4 Qxg2+ 34. Kd4 1-0

[Event "Venice Autumn op-A 23rd"]
[Site "Venice S Leonardo"]
[Date "2016.11.01"]
[Round "6.8"]
[White "Tomio, Dante"]
[Black "Rosina, Graziano"]
[Result "1/2-1/2"]
[WhiteElo "1911"]
[BlackElo "1806"]
[PlyCount "104"]
[EventDate "2016.10.29"]
[EventType "swiss"]
[EventRounds "6"]
[EventCountry "ITA"]
[SourceTitle "EXT 2023"]
[Source "ChessBase"]
[SourceDate "2022.10.05"]
[SourceVersion "1"]
[SourceVersionDate "2022.10.05"]
[SourceQuality "1"]

1. d4 d6 2. c4 e5 3. d5 f5 4. Nc3 Nf6 5. g3 Be7 6. Bg2 0-0 7. e4 Na6 8. Be3 Ng4 9. Bd2 Bg5 10. Nf3 Bxd2+ 11. Qxd2 Nc5 12. 0-0 Qf6 13. Rae1 Nxe4 14. Nxe4 fxe4 15. Rxe4 Bf5 16. Re2 Qh6 17. Qxh6 Nxh6 18. Rd2 b6 19. Ng5 Rae8 20. Ne6 Bxe6 21. dxe6 Nf5 22. Bd5 Kh8 23. b4 Nd4 24. Rxd4 exd4 25. b5 g6 26. Rd1 Kg7 27. Rxd4 Kf6 28. Rf4+ Ke7 29. Rh4 Rh8 30. Re4 Ref8 31. f4 Rf6 32. Kg2 Rhf8 33. Kh3 Rf5 34. Re2 h5 35. Kh4 g5+ 36. fxg5 Rg8 37. Kxh5 Rgxg5+ 38. Kh4 Rh5+ 39. Kg4 Rhg5+ 40. Kh3 Rh5+ 41. Kg2 Rxd5 42. cxd5 Rxd5 43. Rc2 Rc5 44. Rxc5 bxc5 45. Kf2 Kxe6 46. g4 c4 47. h4 d5 48. h5 Kf6 49. Ke3 Kg5 50. Kd4 Kh6 51. a4 Kg5 52. a5 Kh6 1/2-1/2

[Event "Venice Autumn op-A 23rd"]
[Site "Venice S Leonardo"]
[Date "2016.10.29"]
[Round "1.2"]
[White "Tomio, Dante"]
[Black "Porta, Federico"]
[Result "1-0"]
[WhiteElo "1911"]
[BlackElo "1842"]
[PlyCount "61"]
[EventDate "2016.10.29"]
[EventType "swiss"]
[EventRounds "6"]
[EventCountry "ITA"]
[SourceTitle "EXT 2023"]
[Source "ChessBase"]
[SourceDate "2022.10.05"]
[SourceVersion "1"]
[SourceVersionDate "2022.10.05"]
[SourceQuality "1"]

1. d4 Nf6 2. Nf3 g6 3. c4 Bg7 4. Nc3 0-0 5. e4 d6 6. Be2 c6 7. 0-0 Bg4 8. Be3 Nbd7 9. h3 Bxf3 10. Bxf3 e5 11. d5 c5 12. Qd2 a6 13. g4 Rb8 14. a4 Nb6 15. b3 Na8 16. Bh6 Nc7 17. Bxg7 Kxg7 18. Be2 Qe8 19. f4 exf4 20. Qxf4 Qe5 21. Qxe5 dxe5 22. Rf2 g5 23. Rf5 h6 24. Rxe5 Nd7 25. Re7 Rbd8 26. Rf1 Na8 27. e5 Nab6 28. e6 Nc8 29. Rfxf7+ Rxf7 30. Rxf7+ Kg8 31. Rxd7 1-0

[Event "Chioggia op-A 11th"]
[Site "Chioggia"]
[Date "2016.10.09"]
[Round "4"]
[White "Tomio, Dante"]
[Black "Tortora, Franco"]
[Result "0-1"]
[WhiteElo "1911"]
[BlackElo "1867"]
[PlyCount "92"]
[EventDate "2016.10.07"]
[EventType "swiss"]
[EventRounds "5"]
[EventCountry "ITA"]
[SourceTitle "EXT 2022"]
[Source "ChessBase"]
[SourceDate "2021.10.06"]
[SourceVersion "1"]
[SourceVersionDate "2021.10.06"]
[SourceQuality "1"]

1. d4 Nf6 2. Nf3 d5 3. e3 Bf5 4. Bd3 Bxd3 5. Qxd3 a6 6. 0-0 e6 7. b3 Be7 8. Bb2 0-0 9. Nbd2 Nbd7 10. c4 c5 11. Rac1 Rc8 12. Rfd1 cxd4 13. exd4 dxc4 14. bxc4 Qa5 15. Rc2 Rfd8 16. Qe2 Qf5 17. Rdc1 Nf8 18. d5 Re8 19. Nd4 Qg4 20. f3 Qg6 21. dxe6 fxe6 22. N2b3 Nh5 23. Qe4 Qxe4 24. fxe4 Nf6 25. e5 N6d7 26. Nf3 Nc5 27. Nxc5 Bxc5+ 28. Bd4 Nd7 29. Bxc5 Nxc5 30. Rb1 Rc7 31. Rb6 h6 32. h3 Rd8 33. Nd2 Kf7 34. Nb3 Rd1+ 35. Kh2 Nd7 36. Rd6 Re1 37. Rcd2 Nxe5 38. c5 Ke7 39. R2d4 Re2 40. Ra4 Nc6 41. Rg4 g5 42. h4 Ne5 43. Ra4 Nf3+ 44. Kh3 Nxh4 45. Nd4 Re5 46. Rb6 Nf5 0-1